INFLUENCE OF STYRENE AND ALPHA-METHYLSTYRENE UPON ALGAE AND MOULDS

Bibliographic Details
Main Authors: Munjko, Ignac (Author), Grbić, Dunja (Author)
Other Authors: Mock, V. (Translator)
Format: Article
Language:English

MARC

LEADER 00000nab a2200000uu 4500
001 vtls011441919
003 SK-MaSNL
005 20260303122824.0
008 230213|1977 xo |||||||||||||||||eng|
015 |a SNBRB 
035 |a (urnnbn)urn:nbn:sk:snk:ar-0031hh 
035 |a (uuid)38131d4d-834a-481e-90ee-041eaaa9caba 
035 |a urn:nbn:sk:snk-abcg1y 
040 |a SNKBUCL  |b slo  |c SNKBUCL  |e AACR2 
041 0 |a eng 
044 |a xo  |c SK 
100 1 |a Munjko, Ignac  |4 aut  |9 1138004 
245 1 0 |a INFLUENCE OF STYRENE AND ALPHA-METHYLSTYRENE UPON ALGAE AND MOULDS  |c Ignac Munjko, Dunja Grbić, V. Mock 
700 1 |a Grbić, Dunja  |4 aut  |9 1138005 
700 1 |a Mock, V.  |4 trl  |9 1137284 
773 0 |t Biológia : časopis Slovenskej akadémie vied  |g Roč. 32, č. 3 (1977), s. 173-177 
954 |a odborná, vedecká literatúra cudzojazyčná (svetová)  |2 lita 
958 |a OND 
958 |a EUIPO 
958 |a article16 
999 |c 1922460  |d 1924390